000 00757nam a2200289Ia 4500
005 20260324112254.0
008 008 260324s9999 xx 000 0 eng d
020 _a9781032655352
037 _aEBOOK
040 _aCRL
040 _beng
040 _cCRL
041 _2eng
041 _aeng
084 _qCRL
100 _aRichard Hudson-Miles; Jackie Goodman
_91142006
245 0 _aCo-operative Education, Politics, and Art
245 0 _bCreative, Critical, and Community Resistance to Corporate Higher Education
260 _bTaylor and Francis
260 _c2024
365 _a
365 _b230
856 _uhttp://www.taylorfrancis.com/books/9781032655352
942 _cEBOOK
999 _c1731154
_d1731154